LEADER 01010cam0 2200265 450 001 E600200073525 005 20110406070413.0 100 $a20110406d1975 |||||ita|0103 ba 101 $aita 102 $aIT 200 1 $a<>Oxyrhynchus papyri, vol. XLII, edited with translations and notes by P. J. Parsons ...$e[recensione]$f[Edoardo Volterra] 210 $aNapoli$cJovene$d[1975?] 215 $a182-194 p.$d23 cm 300 $a(mm) 300 $aEstratto da: Iura, vol. 26 (1975) 700 1$aVolterra$b, Edoardo$3A600200058794$4070$0230387 801 0$aIT$bUNISOB$c20110406$gRICA 850 $aUNISOB 852 $aUNISOB$jFondo|Casavola|Opusc$m153383 912 $aE600200073525 940 $aM 102 Monografia moderna SBN 941 $aM 957 $b1993$gSi$d153383$hCasavola$rdono$1menle$2UNISOB$3UNISOB$420110406065927.0$520110406070006.0$6menle$aFondo|Casavola|Opusc 996 $aOxyrhynchus papyri, vol. XLII, edited with translations and notes by P. J. Parsons ..$91697940 997 $aUNISOB LEADER 00954cam0 2200253 450 001 E600200053597 005 20210104115821.0 010 $a3050025360 100 $a20090915d1994 |||||ita|0103 ba 101 $ager 102 $aDE 200 1 $aPraktische Vernunft und Vernünftigkeit der Praxis$eHandlungstheorie bei Thomas von Aquin in ihrer Entstehung aus dem Problemkontext der aristotelischen Ethik$fMartin Rhonheimer 210 $aBerlin$cAkademie Verlag$d1994 215 $aXVII,612 p.$d24 cm 700 1$aRhonheimer$b, Martin$3A600200056837$4070$0541344 801 0$aIT$bUNISOB$c20210104$gRICA 850 $aUNISOB 852 $aUNISOB$j100$m85463 912 $aE600200053597 940 $aM 102 Monografia moderna SBN 941 $aM 957 $a100$b009390$gSi$d85463$racquisto$1pregresso1$2UNISOB$3UNISOB$420090915082307.0$520210104115810.0$6Alfano 996 $aPraktische Vernunft und Vernünftigkeit der Praxis$91709002 997 $aUNISOB